Statistics for Fnaf quiz 1+2

Click here to take the quiz!

General Stats

  • This quiz has been taken 1,061 times
    (1,060 since last reset)
  • The average score is 5 of 12

Answer Stats

HintAnswer% Correct
Who is the creator of the gameScott cawthon
88%
Who can move while you are looking at themFoxy
74%
Who is usually the first to move in fnaf 1Bonnie
69%
When did a child get bitten1987
65%
What is the toy version of foxy calledMangle
64%
Who is the secret animatronicGolden freddy
61%
Who do you have to wind the music box forThe Puppet
56%
What part of Bonnie is gone in the fnaf 2 trailerHis Face
30%
Where do chica Freddy and Bonnie startThe show stage
11%
What does toy chica holdThe Cupcake
9%
What parts of toy chicas body does she removeEyes and beak
7%
When does phone guy say freddy is most activeThe dark
6%

Score Distribution

Percentile by Number Answered

Percent of People with Each Score

Your Score History

You have not taken this quiz since the last reset